000 00975nam a2200253 a 4500
003 OSt
005 20210818181540.0
008 131118s2012 mx a gr 00010 spa d
020 _z9788430609291
040 _bspa
041 0 _hspa
082 0 4 _a937.04
_bM297
100 1 _aMachiavelli, Niccolo,
_d1469-1527.
245 1 0 _aDe las conjuras /
_cNicolás Maquiavelo ; traducción de Ana Martínez Arancón.
260 _aMadrid :
_bSantillana Ediciones Generales,
_c2012.
300 _a133 páginas ;
_c18 cm.
490 0 _aGreat ideas ;
_v10
534 _pTítulo original :
_tDiscorsi sopra la prima deca di Tito Livio.
600 1 4 _aTito Livio,
_d59 a. de C.-17.
_tAb urbe condita
_x Crítica e interpretación.
650 4 _aCiencia política
_y Trabajos anteriores a 1800.
700 1 _aMartínez Arancón, Ana,
_d1952-,
_etraductor.
942 _2ddc
_h937.04 M297
949 _a
999 _c11138
_d11138